| 000 | 00561nam a2200193Ia 4500 | ||
|---|---|---|---|
| 003 | GCL | ||
| 008 | 140319s9999 xx 000 0 ara d | ||
| 040 |
_aGCL / _cGCL |
||
| 082 | 0 | 4 |
_a070.62 _bع ح |
| 100 | 1 | _aعايدة ابراهيم نصير | |
| 245 | 1 | 0 |
_aحركة نشر الكتب فى مصر فى القرن التاسع عشر / _cعايدة ابراهيم نصير |
| 300 | _a653 ص | ||
| 490 | _a | ||
| 650 | 0 | 4 | _aمصر |
| 650 | 0 | 4 | _aالكتب |
| 650 | 0 | 4 | _aنشر الكتب |
| 650 | 0 | 4 | _aنشر الكتب - القرن 19 |
| 942 |
_2ddc _cBK |
||
| 999 |
_c40519 _d40519 |
||